[Event "Ch Hessen"]
[Site "masterchessopen.com – Hessen (Germany)"]
[Round "8"]
[White "Schmitzer Klaus (GER)"]
[Black "Alber Horst (GER)"]
[Result "1-0"]
[WhiteElo "2302"]
[BlackElo "2290"]

1.d4 Nf6 2.c4 g6 3.Nc3 Bg7 4.e4 d6 5.f3 O-O 6.Be3 Nc6 7.Nge2 a6 8.Qd2 Rb8 9.a3
b5 10.cxb5 axb5 11.d5 Na5 12.Nd4 e5 13.Nc6 Nxc6 14.dxc6 Be6 15.Nxb5 d5 16.Ba7
Ra8 17.Bc5 Re8 18.Be2 Qb8 19.Qb4 dxe4 20.fxe4 Bf8 21.Bxf8 Rxf8 22.Qe7 Bg4
23.Bc4 Ra4 24.b4 Nxe4 25.Qxc7 Qxc7 26.Nxc7 Rc8 27.Nd5 Rca8 28.O-O Nd6 29.Nb6
Nxc4 30.Nxc4 Be2 31.Nb6 Bxf1 32.Rxf1 Rxa3 33.Nxa8 Rxa8 {#r} 1-0

[Event "Ch Baden (b)"]
[Site "masterchessopen.com – Hockenheim (Germany)"]
[Round "6"]
[White "Roes Helge (GER)"]
[Black "Kettner Juergen (GER)"]
[Result "0-1"]
[WhiteElo "2181"]
[BlackElo "2267"]

1.d4 Nf6 2.c4 g6 3.Nc3 Bg7 4.e4 O-O 5.Be3 d6 6.f3 Nc6 7.Qd2 a6 8.Nge2 Rb8
9.Nc1 e5 10.Nb3 exd4 11.Nxd4 Ne5 12.Be2 c5 13.Nc2 Be6 14.b3 Qa5 15.O-O b5
16.cxb5 axb5 17.Nxb5 Rxb5 18.Bxb5 Qxb5 19.Qxd6 Nfd7 20.Rad1 Ra8 21.Rf2 Rxa2
{#R} 0-1

[Event "It (open)"]
[Site "masterchessopen.com – Isla Guitart"]
[Round "0"]
[White "Moreno Alberto (PER)"]
[Black "Barredo Luis (CUB)"]
[Result "1-0"]
[WhiteElo "2183"]
[BlackElo "2311"]

1.d4 Nf6 2.c4 g6 3.Nc3 Bg7 4.e4 d6 5.f3 O-O 6.Be3 a6 7.Qd2 Nc6 8.Nge2 Rb8 9.h4
b5 10.h5 Bd7 11.g4 Re8 12.O-O-O bxc4 13.hxg6 fxg6 14.Ng3 e5 15.Bxc4+ Kh8 16.g5
Nh5 17.Nxh5 gxh5 18.Rxh5 Re6 19.Bxe6 Bxe6 20.Qh2 {#r} 1-0

[Event "It (open)"]
[Site "masterchessopen.com – Isla Guitart"]
[Round "0"]
[White "Rabelo Gil Eddy (CUB)"]
[Black "Suri Alberto (CUB)"]
[Result "0-1"]
[WhiteElo "2367"]
[BlackElo "2335"]

1.d4 Nf6 2.c4 g6 3.f3 Bg7 4.Nc3 d6 5.e4 O-O 6.Be3 Nc6 7.Nge2 a6 8.Qd2 Rb8
9.Bh6 b5 10.h4 bxc4 11.O-O-O e5 12.d5 Nb4 13.Ng3 c6 14.dxc6 Qa5 15.a3 Nxc6
16.Nf5 Bxf5 17.Bxg7 Rxb2 18.Qxb2 Rb8 19.Bxf6 Rxb2 20.Kxb2 Qb6+ 21.Ka1 Qb3 {#R}
0-1

[Event "Ch Switzerland (w)"]
[Site "masterchessopen.com – Lucerne (Switzerland)"]
[Round "0"]
[White "Gruenenwald Evi (SUI)"]
[Black "Schmid Shahanah (SUI)"]
[Result "0-1"]
[WhiteElo "2033"]
[BlackElo "2069"]

1.d4 Nf6 2.c4 g6 3.Nc3 Bg7 4.e4 d6 5.f3 O-O 6.Be3 Nc6 7.Qd2 a6 8.Nge2 Rb8
9.Nc1 e5 10.d5 Nd4 11.N1e2 Nxe2 12.Bxe2 Nh5 13.g3 f5 14.O-O-O Nf6 15.Rhg1 Bd7
16.c5 Qe7 17.cxd6 cxd6 18.g4 f4 19.Bb6 Be8 20.Kb1 Nd7 21.Bf2 b5 22.b3 Bf6
23.Qe1 Nb6 24.h4 Qb7 25.Bxb6 Qxb6 26.g5 Bd8 27.b4 Qa7 28.a3 a5 29.Kb2 Bb6
30.Rh1 Bd4 31.Kb3 Rf7 32.Bd3 Rc7 33.Ne2 axb4 {#R} 0-1

[Event "Ch Croatia (team)"]
[Site "masterchessopen.com – Makarska (Croatia)"]
[Round "8"]
[White "Jezidzic Gordan (CRO)"]
[Black "Teofilovic Vjeran (CRO)"]
[Result "1-0"]
[WhiteElo "2203"]
[BlackElo "2309"]

1.d4 Nf6 2.c4 g6 3.Nc3 Bg7 4.e4 d6 5.f3 O-O 6.Be3 Nc6 7.Nge2 a6 8.Qd2 Rb8 9.h4
h5 10.Nc1 e5 11.d5 Nd4 12.Nb3 c5 13.dxc6 bxc6 14.Nxd4 exd4 15.Bxd4 Qa5 16.Ne2
Qc7 17.Bc3 Re8 18.Qf4 Qe7 19.O-O-O Be6 20.Qxd6 Qb7 21.Nd4 Red8 22.Qa3 Bh6+
23.Kc2 Bf8 24.c5 Bc8 25.Qa5 {#r} 1-0

[Event "Olympiad"]
[Site "masterchessopen.com – Moscow (Russia)"]
[Round "10"]
[White "Tisdall Jonathan D (NOR)"]
[Black "Lanka Zigurds (LAT)"]
[Result "0-1"]
[WhiteElo "2465"]
[BlackElo "2540"]

1.d4 Nf6 2.c4 g6 3.Nc3 Bg7 4.e4 d6 5.f3 O-O 6.Be3 a6 7.Qd2 Nc6 8.Nge2 Rb8 9.h4
h5 10.Nd5 b5 11.cxb5 axb5 12.Rc1 Bd7 13.Bh6 Re8 14.Bxg7 Kxg7 15.Nxf6 exf6
16.g3 Ra8 17.b3 Qb8 18.Bh3 Bxh3 19.Rxh3 Ra6 20.Qc3 d5 21.exd5 Rxa2 22.Rh2 Ne7
23.Rc2 Nxd5 24.Qc5 Rxc2 25.Qxc2 c5 26.Kf2 cxd4 27.Qd2 Qb6 28.Nxd4 Rd8 {#R} 0-1

[Event "Ch Netherlands (team)"]
[Site "masterchessopen.com – Netherlands"]
[Round "2"]
[White "Oei Hway Ik (NED)"]
[Black "Maes Wim (BEL)"]
[Result "0-1"]
[WhiteElo "2265"]
[BlackElo "2245"]

1.d4 Nf6 2.c4 g6 3.Nc3 Bg7 4.e4 d6 5.f3 O-O 6.Be3 Nc6 7.Qd2 a6 8.Nge2 Rb8
9.Nc1 e5 10.d5 Nd4 11.Nb3 Nxb3 12.axb3 c5 13.g4 h5 14.h3 Nh7 15.O-O-O h4 16.g5
b5 17.Bd3 bxc4 18.Bxc4 Bd7 19.Rdg1 a5 20.Qf2 Rb4 21.Qxh4 a4 22.Qf2 axb3 23.Bd3
Qa5 24.h4 Qa1+ 25.Bb1 Ra8 26.Rh2 Rc4 27.Qd2 Ra2 28.Qd3 Bb5 29.Rd2 Ba6 30.Kd1
Rd4 31.Ke2 Rxb2 32.Nb5 Rxd2+ {#R} 0-1

[Event "It"]
[Site "masterchessopen.com – New York (USA)"]
[Round "0"]
[White "Sammour-Hasbun Jorge E (PLE)"]
[Black "Solomon Daniela (ROM)"]
[Result "1-0"]
[WhiteElo "2290"]
[BlackElo "2005"]

1.d4 Nf6 2.c4 g6 3.Nc3 Bg7 4.e4 d6 5.f3 O-O 6.Be3 Nc6 7.Qd2 a6 8.Nge2 Rb8
9.O-O-O e5 10.h4 h5 11.Bg5 exd4 12.Nxd4 Qe8 13.Nc2 Qe5 14.Bf4 Qe7 15.Ne3 Be6
16.Bg5 Qd7 17.g4 Ne5 18.Bxf6 Bxf6 19.gxh5 b5 20.f4 Nxc4 21.Bxc4 Bxc4 22.Rhg1
Qc6 23.Ng4 Bg7 24.h6 Bh8 25.h7+ Kxh7 26.f5 d5 27.exd5 Qb6 28.Ne4 {#r} 1-0

[Event "Ch Norway (team) East"]
[Site "masterchessopen.com – Norway"]
[Round "8"]
[White "Lahlum Hans Olav (NOR)"]
[Black "Svendsen Odin (NOR)"]
[Result "0-1"]
[WhiteElo "2202"]
[BlackElo "2175"]

1.d4 g6 2.e4 Bg7 3.c4 d6 4.Nc3 Nf6 5.f3 O-O 6.Be3 a6 7.Qd2 Nc6 8.Nge2 Rb8
9.Bh6 b5 10.h4 Bxh6 11.Qxh6 e5 12.O-O-O bxc4 13.h5 Qe7 14.Rd2 Bd7 15.Rh4 Nb4
16.g4 Nd3+ 17.Kb1 Nxe4 18.Nxe4 Qxh4 19.Rxd3 cxd3 20.Ng5 Qe1+ 21.Nc1 Rxb2+
22.Kxb2 Qd2+ 23.Kb3 Rb8+ 24.Kc4 Qc2+ {#R} 0-1

[Event "Ch France (open)"]
[Site "masterchessopen.com – Paris (France)"]
[Round "5"]
[White "Chevallier Didier (FRA)"]
[Black "Troffiguer Olivier (FRA)"]
[Result "0-1"]
[WhiteElo "2295"]
[BlackElo "2133"]

1.d4 Nf6 2.c4 g6 3.Nc3 Bg7 4.e4 d6 5.f3 O-O 6.Be3 Nc6 7.Nge2 a6 8.Qd2 Rb8 9.h4
h5 10.Nd5 b5 11.cxb5 axb5 12.Rc1 Bd7 13.Nxf6+ exf6 14.d5 Ne5 15.Nd4 f5 16.exf5
Re8 17.Kf2 Nc4 18.Bxc4 Rxe3 19.Qxe3 bxc4 20.Rxc4 Rxb2+ 21.Kg3 Qa8 22.Rxc7 Qxd5
23.Rxd7 Bxd4 24.Qe4 Be5+ 25.Kh3 Qxa2 26.Rg1 Re2 27.Qd3 Rd2 28.Qb5 Qa8 29.fxg6
Qxf3+ {#R} 0-1

[Event "Ch Paris (open)"]
[Site "masterchessopen.com – Paris (France)"]
[Round "8"]
[White "Marciniak Gerard (FRA)"]
[Black "Voskanian Vahagn (CAN)"]
[Result "0-1"]
[WhiteElo "2153"]
[BlackElo "2315"]

1.d4 Nf6 2.c4 g6 3.Nc3 Bg7 4.e4 d6 5.f3 O-O 6.Be3 Nc6 7.Nge2 a6 8.Qd2 Rb8
9.Bh6 b5 10.Bxg7 Kxg7 11.d5 Ne5 12.cxb5 axb5 13.Nd4 b4 14.Nd1 Bd7 15.Be2 c5
16.dxc6 Nxc6 17.Nxc6 Bxc6 18.O-O Qb6+ 19.Kh1 d5 20.exd5 Nxd5 21.Bc4 Rfd8
22.Qf2 e5 23.Bxd5 Bxd5 24.Qe2 Qe6 25.Re1 Bxa2 26.Nf2 Bc4 27.Qe3 h5 28.Qc5 Rb5
29.Qc7 Rd7 30.Qc8 Rd2 {#R} 0-1

[Event "Tournament (Elo)"]
[Site "masterchessopen.com – Salogernas (Sweden)"]
[Round "0"]
[White "Hjelm Niclas (SWE)"]
[Black "Sanden Stefan (SWE)"]
[Result "0-1"]
[WhiteElo "2375"]
[BlackElo "2306"]

1.d4 Nf6 2.c4 g6 3.Nc3 Bg7 4.e4 d6 5.f3 O-O 6.Be3 Nc6 7.Nge2 a6 8.Qd2 Rb8 9.h4
h5 10.Nc1 e5 11.d5 Nd4 12.Nb3 Nxb3 13.axb3 c5 14.Be2 Kh7 15.Bg5 Rh8 16.O-O Qe8
17.b4 b6 18.b5 a5 19.Kf2 Ng8 20.g4 hxg4 21.fxg4 f6 22.Be3 Nh6 23.Rg1 f5
24.exf5 gxf5 25.Qc2 e4 26.Raf1 Bd4 27.g5 Qe5 28.Bxd4 cxd4 29.gxh6 Kxh6 30.Nd1
f4 31.Rg5 Bf5 32.Rfg1 e3+ 33.Ke1 Bxc2 {#R} 0-1

[Event "It (open)"]
[Site "masterchessopen.com – Sarospatak (Hungary)"]
[Round "6"]
[White "Priehoda Vitezslav (CZE)"]
[Black "Foldi Istvan (HUN)"]
[Result "1-0"]
[WhiteElo "2390"]
[BlackElo "2285"]

1.d4 Nf6 2.c4 g6 3.Nc3 Bg7 4.e4 d6 5.f3 O-O 6.Be3 Nc6 7.Qd2 a6 8.Nge2 Rb8
9.Nc1 e5 10.d5 Nd4 11.N1e2 c5 12.dxc6 Nxc6 13.Rd1 Be6 14.Nc1 Nd4 15.Nb3 Nxb3
16.axb3 b5 17.Qxd6 Qxd6 18.Rxd6 bxc4 19.Bxc4 Bxc4 20.bxc4 Rxb2 21.O-O Rb3
22.Rc1 Ra8 23.c5 Ne8 24.Rb6 Ra3 25.Nd5 Bf8 26.c6 Rc8 27.Bc5 Ra1 28.Rxa1 Bxc5+
29.Kf1 a5 30.Rb7 Kf8 31.Rc1 Bd6 32.Ra7 {#r} 1-0

[Event "It (open)"]
[Site "masterchessopen.com – Schwabisch Gmund (Germany)"]
[Round "7"]
[White "Sand Rolf Dr (GER)"]
[Black "Link Michael (GER)"]
[Result "0-1"]
[WhiteElo "2000"]
[BlackElo "1986"]

1.d4 Nf6 2.c4 g6 3.Nc3 Bg7 4.e4 d6 5.f3 O-O 6.Be3 a6 7.Qd2 Nc6 8.Nge2 Rb8 9.h4
b5 10.h5 e5 11.d5 Na5 12.Ng3 bxc4 13.O-O-O Rb4 14.Bh6 Bxh6 15.Qxh6 Qe7 16.Be2
Bd7 17.Rdf1 Kh8 18.Qg5 Nxd5 19.Qh6 Nxc3 20.bxc3 Rbb8 21.hxg6 fxg6 22.Qxg6 Rf7
23.Qh6 d5 24.Kd2 Rb2+ 25.Ke1 Rb1+ 26.Bd1 Ba4 27.Ke2 Qa3 28.Kf2 Qc5+ 29.Qe3 d4
30.Qd2 d3+ 31.Qe3 Rb2+ {#R} 0-1

[Event "Slovak League 1993/94"]
[Site "masterchessopen.com – Slovakia"]
[Round "14"]
[White "Novacek Vladimir (SVK)"]
[Black "Csolto Robert (SVK)"]
[Result "0-1"]
[WhiteElo "2046"]
[BlackElo "2267"]

1.d4 Nf6 2.c4 g6 3.Nc3 Bg7 4.e4 d6 5.f3 O-O 6.Be3 Nc6 7.Nge2 a6 8.Qd2 Rb8 9.g4
b5 10.h4 bxc4 11.Ng3 e5 12.Bxc4 exd4 13.Bxd4 Nxd4 14.Qxd4 Rxb2 15.Qd3 Rb6
16.Rd1 Bb7 17.h5 Nd7 18.hxg6 hxg6 19.f4 Nc5 20.Qc2 Qf6 21.Nge2 Re8 22.g5 Qe7
23.f5 Qxg5 24.fxg6 Qxg6 25.Rf1 Re7 26.Rg1 Qf6 27.Rd4 Kf8 28.e5 Qxe5 29.Rdg4
Qxc3+ 30.Qxc3 Bxc3+ 31.Kf2 Ne4+ {#R} 0-1

[Event "Ch Czech Republic (open)"]
[Site "masterchessopen.com – Usti nad Labem (Czech Republic)"]
[Round "0"]
[White "Haba Petr (CZE)"]
[Black "Voller Jiri (CZE)"]
[Result "1-0"]
[WhiteElo "2505"]
[BlackElo "2245"]

1.d4 Nf6 2.c4 g6 3.Nc3 Bg7 4.e4 d6 5.f3 O-O 6.Be3 Nc6 7.Nge2 a6 8.Qd2 Rb8
9.Rb1 b5 10.cxb5 axb5 11.b4 Bd7 12.d5 Ne5 13.Nd4 Nc4 14.Bxc4 bxc4 15.b5 e6
16.O-O exd5 17.exd5 Re8 18.a4 Nh5 19.Rb4 Qe7 20.Bf2 Be5 21.Rxc4 Nf4 22.Bg3 Qg5
23.Nb3 Bxc3 24.Qxf4 Qxf4 25.Bxf4 Be5 26.Bxe5 Rxe5 27.Rxc7 Bf5 28.Rd1 Re3
29.Nd4 {#r} 1-0

[Event "It (open)"]
[Site "masterchessopen.com – Vienna (Austria)"]
[Round "4"]
[White "Miniboeck Guenter (AUT)"]
[Black "Steiner Ulrich A (AUT)"]
[Result "1-0"]
[WhiteElo "2347"]
[BlackElo "2160"]

1.d4 Nf6 2.c4 g6 3.Nc3 Bg7 4.e4 O-O 5.Be3 d6 6.f3 Nc6 7.Qd2 a6 8.Nge2 Rb8 9.h4
h5 10.Nc1 e5 11.d5 Nd4 12.Nb3 c5 13.dxc6 Nxb3 14.c7 Nxd2 15.cxb8=Q Nxf1
16.Rxf1 Nd7 17.Qxd6 Qxh4+ 18.Kd1 Rd8 19.Nd5 Nf8 20.Qb4 f5 21.Qe1 Qh2 22.Qf2 b5
23.Kc2 f4 24.Bb6 {#r} 1-0

[Event "Ch Yugoslavia (team) (2 liga)"]
[Site "masterchessopen.com – Yugoslavia"]
[Round "8"]
[White "Djukic Zeljko (SRB)"]
[Black "Dragovic Momcilo (SRB)"]
[Result "0-1"]
[WhiteElo "2399"]
[BlackElo "2378"]

1.d4 Nf6 2.c4 g6 3.Nc3 Bg7 4.e4 d6 5.f3 O-O 6.Be3 Nc6 7.Nge2 a6 8.Qd2 Rb8 9.g4
b5 10.h4 h5 11.gxh5 Nxh5 12.cxb5 axb5 13.O-O-O b4 14.Nd5 Be6 15.b3 Na5 16.Kb1
c6 17.Ndf4 Nxf4 18.Nxf4 Nxb3 19.Qg2 Nc5 20.dxc5 b3 21.a3 Qa5 22.Nxe6 Qxa3
23.Nxg7 b2 24.Bc4 Rb4 25.Be6 fxe6 26.Qxg6 Qa2+ {#R} 0-1

[Event "Staatsliga B East 1995/96"]
[Site "masterchessopen.com – Austria"]
[Round "5"]
[White "Hainzinger Johann (AUT)"]
[Black "Wallner Alfred (AUT)"]
[Result "0-1"]
[WhiteElo "2121"]
[BlackElo "2270"]

1.d4 Nf6 2.c4 g6 3.Nc3 Bg7 4.e4 d6 5.f3 O-O 6.Be3 Nc6 7.Nge2 a6 8.Qd2 Rb8
9.Nc1 e5 10.Nb3 exd4 11.Nxd4 Ne5 12.Rd1 c5 13.Nc2 b5 14.cxb5 axb5 15.Nxb5 Ba6
16.Nca3 c4 17.Nxd6 Nd3+ 18.Bxd3 cxd3 19.Ndc4 Nxe4 20.fxe4 Qh4+ 21.Kf1 f5 22.g3
Qxe4 23.Rg1 Qf3+ 24.Ke1 Rxb2 25.Rf1 Qe2+ {#R} 0-1

[Event "Staatsliga B South 1994/95"]
[Site "masterchessopen.com – Austria"]
[Round "11"]
[White "Zsinka Laszlo (HUN)"]
[Black "Mazi Leon (SLO)"]
[Result "1-0"]
[WhiteElo "2340"]
[BlackElo "2345"]

1.d4 Nf6 2.c4 g6 3.Nc3 Bg7 4.e4 d6 5.f3 O-O 6.Be3 Nc6 7.Nge2 a6 8.Qd2 Rb8 9.a3
Bd7 10.b4 b5 11.c5 e6 12.Rb1 Qe7 13.g3 Rbd8 14.Bg2 dxc5 15.bxc5 Bc8 16.O-O Ne5
17.Qc1 Nc4 18.Bf2 e5 19.d5 Nd7 20.c6 Ndb6 21.a4 b4 22.a5 bxc3 23.axb6 cxb6
24.Nxc3 b5 25.Na4 f5 26.Nb6 fxe4 27.Nxc4 exf3 28.Bh1 bxc4 29.Qxc4 e4 30.Rfe1
Qf7 31.Rbd1 Bf5 32.Qc5 Be5 33.d6 {#r} 1-0

[Event "Ch Germany (juniors) (club) (under 15)"]
[Site "masterchessopen.com – Bonn (Germany)"]
[Round "5"]
[White "Armbruster Alexander (GER)"]
[Black "Hess Dennis (GER)"]
[Result "1-0"]
[WhiteElo "2325"]
[BlackElo "2015"]

1.d4 Nf6 2.c4 g6 3.Nc3 Bg7 4.e4 d6 5.f3 O-O 6.Be3 Nc6 7.Qd2 a6 8.Nge2 Rb8 9.h4
h5 10.Nc1 Re8 11.Rg1 e5 12.d5 Nd4 13.Nb3 c5 14.dxc6 Nxb3 15.axb3 bxc6 16.O-O-O
Bf8 17.Be2 Kh7 18.g4 Be6 19.Bg5 Be7 20.gxh5 Nxh5 21.Bxe7 Qxe7 22.Qxd6 Qxd6
23.Rxd6 Rxb3 24.Bd1 Rb4 25.b3 Rc8 26.Rg5 f6 27.Rxh5+ gxh5 28.Rxe6 Rg8 29.Na4
Rb7 30.Nc5 Ra7 31.Rd6 a5 32.Nd7 Rd8 33.Nxf6+ {#r} 1-0

[Event "It (cat.8)"]
[Site "masterchessopen.com – Budapest (Hungary)"]
[Round "0"]
[White "Muir Andrew J (SCO)"]
[Black "Kahn Evarth Dr (HUN)"]
[Result "0-1"]
[WhiteElo "2315"]
[BlackElo "2350"]

1.d4 Nf6 2.c4 g6 3.Nc3 Bg7 4.e4 d6 5.f3 O-O 6.Be3 Nc6 7.Nge2 a6 8.Qd2 Rb8 9.h4
b5 10.h5 e5 11.d5 Na5 12.Ng3 bxc4 13.O-O-O Bd7 14.Bh6 Rb4 15.Be2 Qb8 16.hxg6
fxg6 17.Bxg7 Kxg7 18.Qh6+ Kf7 19.f4 Rxb2 20.fxe5 Qb4 21.e6+ Kg8 22.Qe3 Qa3
{#R} 0-1

[Event "It (cat.3)"]
[Site "masterchessopen.com – Canberra (Australia)"]
[Round "11"]
[White "Reilly Tim (AUS)"]
[Black "Barcenilla Rogelio (PHI)"]
[Result "0-1"]
[WhiteElo "2350"]
[BlackElo "2455"]

1.d4 Nf6 2.c4 g6 3.Nc3 Bg7 4.e4 d6 5.f3 O-O 6.Be3 Nc6 7.Nge2 a6 8.Qd2 Rb8 9.h4
h5 10.O-O-O b5 11.Bh6 e5 12.Nd5 Bxh6 13.Qxh6 bxc4 14.Nxf6+ Qxf6 15.d5 Na5
16.Nc3 Bd7 17.Rd2 Qg7 18.Qe3 f5 19.exf5 Bxf5 20.Be2 Rb4 21.g4 hxg4 22.fxg4 Bd3
23.h5 e4 24.Bxd3 cxd3 25.hxg6 Rxb2 26.Rxd3 Rb4 27.Rh7 Qxg6 28.Rh5 exd3 29.Rg5
Rf1+ 30.Nd1 Rb1+ {#R} 0-1

[Event "It"]
[Site "masterchessopen.com – Caseres (Spain)"]
[Round "0"]
[White "Martinez Daniel (MEX)"]
[Black "Cabezas Ayala Ivan (ESP)"]
[Result "1-0"]
[WhiteElo "2185"]
[BlackElo "2260"]

1.d4 Nf6 2.c4 g6 3.Nc3 Bg7 4.e4 d6 5.f3 O-O 6.Be3 a6 7.Qd2 Nc6 8.Nge2 Rb8 9.a3
b5 10.cxb5 axb5 11.b4 Nd7 12.d5 Nce5 13.Nd4 Nb6 14.Bxb5 Nbc4 15.Bxc4 Nxc4
16.Qd3 Nxe3 17.Qxe3 Bd7 18.O-O e6 19.Rac1 exd5 20.Nxd5 Rb7 21.Nc6 Qe8 22.Na5
c5 23.Nxb7 {#r} 1-0

[Event "It (open)"]
[Site "masterchessopen.com – Copenhagen (Denmark)"]
[Round "2"]
[White "Petersen Soren Boeck (DEN)"]
[Black "Bogdanov Dimitri (DEN)"]
[Result "1-0"]
[WhiteElo "2230"]
[BlackElo "2106"]

1.e4 g6 2.d4 Bg7 3.c4 d6 4.Nc3 Nf6 5.f3 O-O 6.Be3 Nc6 7.Nge2 a6 8.Qd2 Rb8
9.Nc1 e5 10.d5 Ne7 11.Nb3 Bd7 12.c5 Nh5 13.O-O-O f5 14.Kb1 Nf6 15.Bd3 fxe4
16.Nxe4 Nf5 17.cxd6 cxd6 18.Ba7 Ra8 19.Bf2 Bh6 20.Qb4 Nxe4 21.fxe4 a5 22.Qxb7
Rb8 23.Qa7 a4 24.exf5 axb3 25.fxg6 bxa2+ 26.Ka1 hxg6 27.Be3 Bxe3 28.Qxe3 Kg7
29.Rdf1 Bf5 30.Bxf5 Rxf5 31.Rxf5 gxf5 32.Rf1 Qf6 33.Qa7+ {#r} 1-0

[Event "Czech League 1994/95 (2nd) (c)"]
[Site "masterchessopen.com – Czech Republic"]
[Round "4"]
[White "Skacelik Petr (CZE)"]
[Black "Buran Jaroslav (CZE)"]
[Result "1-0"]
[WhiteElo "2206"]
[BlackElo "2264"]

1.d4 Nf6 2.c4 g6 3.Nc3 Bg7 4.e4 O-O 5.f3 d6 6.Be3 Nc6 7.Nge2 a6 8.Qd2 Rb8
9.O-O-O b5 10.Bh6 Bxh6 11.Qxh6 e5 12.d5 Na5 13.Ng3 Nxc4 14.Bxc4 bxc4 15.h4 Qe7
16.h5 Nd7 17.Nf1 Nc5 18.Rd2 Rb4 19.Ne3 Bd7 20.Kb1 Rfb8 21.g3 a5 22.hxg6 fxg6
23.Rdh2 a4 24.a3 Rb3 25.Ka2 Nd3 26.Nxc4 Be8 27.f4 Bb5 28.Na5 Rxc3 29.bxc3 exf4
30.gxf4 Qf7 31.Qxh7+ Qxh7 32.Rxh7 Be8 33.Rh8+ {#r} 1-0

[Event "It (open)"]
[Site "masterchessopen.com – Dresden (Germany)"]
[Round "0"]
[White "Andresen Steffen (GER)"]
[Black "Enzmann Steffen (GER)"]
[Result "0-1"]
[WhiteElo "2385"]
[BlackElo "2135"]

1.c4 Nf6 2.Nc3 g6 3.e4 d6 4.d4 Bg7 5.f3 O-O 6.Be3 Nc6 7.Nge2 a6 8.Qd2 Rb8 9.h4
h5 10.Nc1 e5 11.d5 Nd4 12.Nb3 Nxb3 13.axb3 c5 14.b4 cxb4 15.Na4 b5 16.cxb5
axb5 17.Qxb4 Ne8 18.Bd3 f5 19.Ke2 fxe4 20.Bxb5 exf3+ 21.gxf3 Nc7 22.Nb6 Qf6
23.Raf1 Bh6 24.Bg5 Bxg5 25.hxg5 Qd8 {#R} 0-1

[Event "Ch Russia"]
[Site "masterchessopen.com – Elista (Russia)"]
[Round "3"]
[White "Djachkov Sergej (RUS)"]
[Black "Sotnikov Igor (RUS)"]
[Result "1-0"]
[WhiteElo "2295"]
[BlackElo "2445"]

1.d4 Nf6 2.c4 g6 3.Nc3 Bg7 4.e4 d6 5.f3 O-O 6.Be3 Nc6 7.Nge2 a6 8.Qd2 Rb8 9.h4
h5 10.O-O-O b5 11.Bh6 Bxh6 12.Qxh6 e5 13.dxe5 Nxe5 14.Nf4 bxc4 15.Be2 c6
16.Rd2 d5 17.g4 d4 18.gxh5 Nd3+ 19.Bxd3 dxc3 20.hxg6 cxd2+ 21.Kd1 Bg4 22.fxg4
Qe7 23.e5 Qxe5 24.g7 {#r} 1-0

[Event "It (open)"]
[Site "masterchessopen.com – Finland"]
[Round "0"]
[White "Puuska Heini (FIN)"]
[Black "Laakso Harri (FIN)"]
[Result "0-1"]
[WhiteElo "1984"]
[BlackElo "2184"]

1.d4 Nf6 2.c4 g6 3.Nc3 Bg7 4.e4 d6 5.f3 O-O 6.Be3 Nc6 7.Nge2 a6 8.Qd2 Rb8 9.a4
e5 10.d5 Ne7 11.g4 c6 12.Ng3 b5 13.dxc6 bxc4 14.Bxc4 Nxc6 15.Nge2 Na5 16.Ba2
Be6 17.Nd5 Bxd5 18.exd5 e4 19.g5 Nd7 20.Nd4 exf3 21.O-O Ne5 22.Rac1 Ng4 23.Bf4
Qb6 24.Rfd1 Rfe8 25.Bg3 Re4 {#R} 0-1

[Event "Ch France (team)"]
[Site "masterchessopen.com – France"]
[Round "0"]
[White "Zawadski Stephane (FRA)"]
[Black "Daillet Emmanuel (FRA)"]
[Result "0-1"]
[WhiteElo "2181"]
[BlackElo "2280"]

1.d4 Nf6 2.c4 g6 3.Nc3 Bg7 4.e4 d6 5.f3 O-O 6.Be3 Nc6 7.Qd2 a6 8.Nge2 Rb8
9.Nc1 e5 10.Nb3 exd4 11.Nxd4 Nxd4 12.Bxd4 c5 13.Be3 Be6 14.Be2 Qa5 15.O-O b5
16.Qxd6 Rfd8 17.Qxc5 Nd7 18.Qg5 h6 19.Qh4 bxc4 20.Bxh6 Bf6 21.Qe1 Rxb2 22.Nd5
Qc5+ 23.Be3 Bd4 24.Bxd4 Qxd4+ 25.Kh1 Bxd5 26.exd5 Re8 27.Qd1 Rd2 28.Qa4 Rexe2
{#R} 0-1

[Event "Ch Baden-Wuerttemberg"]
[Site "masterchessopen.com – Germany"]
[Round "3"]
[White "Gerhardt Peter-Michael (GER)"]
[Black "Heinl Thomas (GER)"]
[Result "0-1"]
[WhiteElo "2089"]
[BlackElo "2196"]

1.d4 Nf6 2.c4 g6 3.Nc3 Bg7 4.e4 d6 5.f3 O-O 6.Be3 Nc6 7.Nge2 a6 8.Qd2 Rb8
9.Nc1 e5 10.Nb3 exd4 11.Nxd4 Bd7 12.Be2 Re8 13.O-O Nh5 14.Rad1 Nxd4 15.Bxd4
Bxd4+ 16.Qxd4 Qg5 17.Nd5 c6 18.f4 Qh6 19.Nb6 Be6 20.f5 Bxf5 21.exf5 Rxe2
22.Nd7 Qg5 23.Rf2 Rbe8 24.fxg6 hxg6 25.Rdf1 Rxf2 26.Qxf2 Qe7 27.g4 Qxd7
28.gxh5 Re5 29.hxg6 Qg4+ 30.Kh1 Qe4+ 31.Qf3 f5 32.Kg1 Qxf3 33.Rxf3 {#R} 0-1

[Event "Ch Bahn (team)"]
[Site "masterchessopen.com – Germany"]
[Round "0"]
[White "Ilgner Andreas (GER)"]
[Black "Reichenbacher Gerhard (GER)"]
[Result "1-0"]
[WhiteElo "2160"]
[BlackElo "1840"]

1.d4 Nf6 2.c4 g6 3.Nc3 Bg7 4.e4 d6 5.f3 O-O 6.Be3 Nc6 7.Nge2 a6 8.Qd2 Rb8 9.g4
e5 10.d5 Na5 11.Ng3 Bd7 12.h4 b5 13.h5 Nxc4 14.Bxc4 bxc4 15.O-O-O c5 16.Qh2
Bxg4 17.fxg4 Nxg4 18.Qe2 Nxe3 19.Qxe3 f5 20.Nf1 g5 21.h6 Bh8 22.Rg1 f4 23.Qf3
Qf6 24.Qh5 {#r} 1-0

[Event "Oberliga East 1994/95"]
[Site "masterchessopen.com – Germany"]
[Round "0"]
[White "Priehoda Vitezslav (CZE)"]
[Black "Seibicke Ralf (GER)"]
[Result "1-0"]
[WhiteElo "2365"]
[BlackElo "2153"]

1.d4 Nf6 2.c4 g6 3.Nc3 Bg7 4.e4 d6 5.f3 O-O 6.Be3 Nc6 7.Qd2 a6 8.Nge2 Rb8
9.Nc1 e5 10.d5 Nd4 11.N1e2 c5 12.dxc6 bxc6 13.Nxd4 exd4 14.Bxd4 Qa5 15.Rc1 d5
16.cxd5 cxd5 17.exd5 Re8+ 18.Be2 Qb4 19.b3 Nxd5 20.Bxg7 Nf4 21.Bd4 Nxg2+
22.Kf2 Bh3 23.Rhd1 Nh4 24.Nd5 {#r} 1-0

[Event "It (open)"]
[Site "masterchessopen.com – Groningen (Netherlands)"]
[Round "1"]
[White "Kohlweyer Bernd (GER)"]
[Black "Coleman David (ENG)"]
[Result "1-0"]
[WhiteElo "2420"]
[BlackElo "2255"]

1.d4 Nf6 2.c4 g6 3.Nc3 Bg7 4.e4 d6 5.f3 O-O 6.Be3 Nc6 7.Nge2 a6 8.Qd2 Rb8 9.h4
e5 10.d5 Na5 11.Ng3 c5 12.Rb1 Nd7 13.h5 b6 14.b3 Rb7 15.Bd3 Rc7 16.Rh2 Nb8
17.Ke2 f5 18.Bg5 Bf6 19.Bxf6 Rxf6 20.hxg6 f4 21.gxh7+ Rxh7 22.Rxh7 Kxh7
23.Rh1+ Rh6 24.Rxh6+ Kxh6 25.Nf5+ Bxf5 26.exf5 Qh4 27.g4 {#r} 1-0

[Event "Ch Hessen (MVT)"]
[Site "masterchessopen.com – Hofheim (Germany)"]
[Round "2"]
[White "Wornath Kai Rudolf (GER)"]
[Black "Eder Patrick (GER)"]
[Result "0-1"]
[WhiteElo "2414"]
[BlackElo "2166"]

1.d4 Nf6 2.c4 g6 3.Nc3 Bg7 4.e4 d6 5.f3 O-O 6.Be3 Nc6 7.Nge2 a6 8.Qd2 Rb8
9.Nc1 e5 10.Nb3 exd4 11.Nxd4 Ne5 12.Be2 c5 13.Nc2 Be6 14.Nd5 b5 15.Nxf6+ Bxf6
16.cxb5 axb5 17.Rd1 Nc4 18.Bxc4 bxc4 19.Qxd6 Qxd6 20.Rxd6 Rxb2 21.Na3 Rxa2
22.Nb1 Rxg2 23.Bf2 Be5 24.Rb6 Ra8 25.h4 Ra2 26.Bxc5 c3 {#R} 0-1